[Event "Botvinnik Memorial-A 4th"]
[Site "Satka"]
[Date "2004.09.03"]
[Round "8"]
[White "Doroshkievich, Vladimir K"]
[Black "Shabanov, Yuri"]
[Result "1/2-1/2"]
[WhiteElo "2420"]
[BlackElo "2429"]
[PlyCount "48"]
[EventDate "2004.08.27"]
[EventType "tourn"]
[EventRounds "9"]
[EventCountry "RUS"]
[EventCategory "8"]
[SourceTitle "CBM 102 Extra"]
[Source "ChessBase"]
[SourceDate "2004.11.03"]
[SourceVersion "1"]
[SourceVersionDate "2004.11.03"]
[SourceQuality "1"]

1. d4 d5 2. c4 c6 3. e3 Nf6 4. Nc3 e6 5. Nf3 Nbd7 6. Bd3 dxc4 7. Bxc4 b5 8. Be2 Bb7 9. 0-0 Be7 10. e4 b4 11. e5 bxc3 12. exf6 Bxf6 13. bxc3 0-0 14. Rb1 Qc8 15. Ng5 Rd8 16. Bd3 Nf8 17. Qh5 Bxg5 18. Bxg5 f6 19. Be3 c5 20. Qxc5 Qxc5 21. dxc5 Bxg2 22. Bxh7+ Kxh7 23. Kxg2 Rd7 24. Rfd1 Rc7 1/2-1/2

[Event "RUS-Cup 300 years"]
[Site "St Petersburg"]
[Date "2003.10.25"]
[Round "8"]
[White "Malaniuk, Vladimir P"]
[Black "Doroshkievich, Vladimir K"]
[Result "1/2-1/2"]
[WhiteElo "2525"]
[BlackElo "2426"]
[PlyCount "76"]
[EventDate "2003.10.18"]
[EventType "swiss"]
[EventRounds "9"]
[EventCountry "RUS"]
[SourceTitle "EXT 2004"]
[Source "ChessBase"]
[SourceDate "2003.11.25"]
[SourceVersion "1"]
[SourceVersionDate "2003.11.25"]
[SourceQuality "1"]

1. d4 d5 2. c4 e6 3. Nf3 Nf6 4. Nc3 Be7 5. Bf4 0-0 6. e3 Nbd7 7. a3 c5 8. cxd5 Nxd5 9. Nxd5 exd5 10. dxc5 Nxc5 11. Be5 Be6 12. Be2 Qb6 13. Rc1 Rfc8 14. 0-0 Nb3 15. Rc3 Rxc3 16. Bxc3 Rc8 17. Bd3 Nc5 18. Nd4 Nxd3 19. Qxd3 Bf6 20. Nxe6 Qxe6 21. Bxf6 Qxf6 22. Qxd5 Qxb2 23. Qd7 Rf8 24. a4 g6 25. h4 h5 26. Rd1 a6 27. Rd4 Qc1+ 28. Kh2 Qc8 29. Qe7 b5 30. axb5 Qb8+ 31. Rf4 Qxb5 32. g3 Qd5 33. Rd4 Qf3 34. Rf4 Qd5 35. e4 Qe6 36. Qa7 Re8 37. e5 Re7 38. Qa8+ Kg7 1/2-1/2

[Event "RUS-Cup 300 years"]
[Site "St Petersburg"]
[Date "2003.10.23"]
[Round "6"]
[White "Neverov, Valeriy"]
[Black "Doroshkievich, Vladimir K"]
[Result "1-0"]
[WhiteElo "2550"]
[BlackElo "2426"]
[PlyCount "104"]
[EventDate "2003.10.18"]
[EventType "swiss"]
[EventRounds "9"]
[EventCountry "RUS"]
[SourceTitle "EXT 2004"]
[Source "ChessBase"]
[SourceDate "2003.11.25"]
[SourceVersion "1"]
[SourceVersionDate "2003.11.25"]
[SourceQuality "1"]

1. c4 e6 2. Nf3 d5 3. g3 a6 4. b3 Be7 5. Bg2 Bf6 6. d4 dxc4 7. bxc4 c5 8. e3 Nc6 9. Bb2 cxd4 10. exd4 Nge7 11. Na3 Nf5 12. Nc2 0-0 13. 0-0 Qc7 14. g4 Nd6 15. g5 Be7 16. Ne3 Rd8 17. d5 Ne8 18. Qe2 Na5 19. Rad1 Bd6 20. Rd4 b5 21. Rc1 Nxc4 22. Nxc4 bxc4 23. Rdxc4 Qe7 24. Rh4 Rb8 25. Qe4 f5 26. gxf6 gxf6 27. Bc3 exd5 28. Qxd5+ Be6 29. Qh5 Rb5 30. Qh6 Qg7 31. Qxg7+ Nxg7 32. Bxf6 Rf8 33. Bxg7 Kxg7 34. Nd4 Re5 35. f4 Re3 36. Kf2 Rxf4+ 37. Kxe3 Rxh4 38. Nxe6+ Kf6 39. Bd5 Ke5 40. Bb3 Rxh2 41. Kf3 a5 42. Re1+ Kf6 43. Re4 Rh3+ 44. Ke2 Kf5 45. Bc2 Rh2+ 46. Kd3 Rh3+ 47. Kc4 Kf6 48. Nc5 Kg5 49. Kd5 Bg3 50. Re7 Rh2 51. Bb3 Kf6 52. Re8 Bf2 1-0

[Event "RUS-Cup 300 years"]
[Site "St Petersburg"]
[Date "2003.10.19"]
[Round "2"]
[White "Bocharov, Dmitry"]
[Black "Doroshkievich, Vladimir K"]
[Result "1-0"]
[WhiteElo "2527"]
[BlackElo "2426"]
[PlyCount "77"]
[EventDate "2003.10.18"]
[EventType "swiss"]
[EventRounds "9"]
[EventCountry "RUS"]
[SourceTitle "EXT 2004"]
[Source "ChessBase"]
[SourceDate "2003.11.25"]
[SourceVersion "1"]
[SourceVersionDate "2003.11.25"]
[SourceQuality "1"]

1. d4 d5 2. c4 e6 3. Nf3 Nf6 4. Nc3 Be7 5. Bg5 h6 6. Bxf6 Bxf6 7. e3 0-0 8. Qb3 c6 9. Rd1 Nd7 10. Bd3 g6 11. 0-0 Bg7 12. e4 dxe4 13. Bxe4 Nf6 14. c5 Qc7 15. Rfe1 Rd8 16. Ne5 Bd7 17. Bb1 Be8 18. Qc2 b6 19. Nc4 Bf8 20. b4 bxc5 21. bxc5 Qf4 22. g3 Qc7 23. h4 Rab8 24. Qe2 Rb4 25. a3 Rb3 26. Qf3 Kg7 27. Bc2 Rbb8 28. Ne4 Nxe4 29. Qxe4 h5 30. g4 hxg4 31. Qxg4 Rd5 32. Ne5 Rb2 33. Bd3 Bxc5 34. dxc5 Qe7 35. h5 Qxc5 36. Qf4 Qe7 37. hxg6 fxg6 38. Re3 Rb3 39. Rh3 1-0

[Event "St Petersburg White Nights op"]
[Site "St Petersburg"]
[Date "2003.06.29"]
[Round "1"]
[White "Utnasunov, Alexander"]
[Black "Doroshkievich, Vladimir K"]
[Result "1/2-1/2"]
[WhiteElo "2316"]
[BlackElo "2413"]
[PlyCount "56"]
[EventDate "2003.06.29"]
[EventType "swiss"]
[EventRounds "9"]
[EventCountry "RUS"]
[SourceTitle "EXT 2004"]
[Source "ChessBase"]
[SourceDate "2003.11.25"]
[SourceVersion "1"]
[SourceVersionDate "2003.11.25"]
[SourceQuality "1"]

1. d4 d5 2. c4 e6 3. Nc3 Be7 4. Nf3 Nf6 5. Bg5 h6 6. Bh4 0-0 7. e3 b6 8. cxd5 Nxd5 9. Bg3 Bb7 10. Bd3 c5 11. 0-0 Nc6 12. Rc1 cxd4 13. exd4 Nxc3 14. bxc3 Ba3 15. Rc2 Bd6 16. Qe2 Ne7 17. Ne5 Rc8 18. Nc4 Bc7 19. Bh4 Qd7 20. Ne5 Bxe5 21. Qxe5 Ng6 22. Bxg6 fxg6 23. f3 Rc4 24. Re1 Bd5 25. Qe3 Rfc8 26. Qd3 Qf7 27. Bg3 b5 28. Bd6 Qf5 1/2-1/2

[Event "Sarkisov Memorial op"]
[Site "Krasnodar"]
[Date "2003.??.??"]
[Round "?"]
[White "Doroshkievich, Vladimir K"]
[Black "Beshukov, Sergei"]
[Result "0-1"]
[WhiteElo "2410"]
[BlackElo "2444"]
[PlyCount "70"]
[EventDate "2003.??.??"]
[EventType "swiss"]
[EventRounds "9"]
[EventCountry "RUS"]
[SourceTitle "EXT 2005"]
[Source "ChessBase"]
[SourceDate "2004.11.15"]
[SourceVersion "1"]
[SourceVersionDate "2004.11.15"]
[SourceQuality "1"]

1. d4 Nf6 2. Nf3 c5 3. d5 b5 4. c4 e6 5. dxe6 fxe6 6. cxb5 d5 7. Bg5 Qb6 8. e3 Nbd7 9. Nc3 Bb7 10. Be2 Bd6 11. a4 Qc7 12. a5 0-0 13. Bh4 Rae8 14. Bg3 Bxg3 15. hxg3 e5 16. 0-0 e4 17. Nh2 Ne5 18. b4 cxb4 19. Na2 Qxa5 20. Qb3 Kh8 21. Nxb4 Qb6 22. g4 d4 23. g5 Nfd7 24. exd4 Qxd4 25. Rad1 Qb6 26. Nd5 Qg6 27. Qg3 Nc5 28. f4 exf3 29. Nxf3 Nf7 30. Bc4 Nd6 31. Ba2 Nce4 32. Qg4 Bc8 33. Qh4 Nf5 34. Qh2 Neg3 35. Rf2 Ne2+ 0-1

[Event "Tula Botvinnik Memorial"]
[Site "Tula"]
[Date "2003.??.??"]
[Round "3"]
[White "Doroshkievich, Vladimir K"]
[Black "Shabanov, Yuri"]
[Result "1/2-1/2"]
[WhiteElo "2410"]
[BlackElo "2442"]
[PlyCount "76"]
[EventDate "2003.??.??"]
[EventType "tourn"]
[EventRounds "11"]
[EventCountry "RUS"]
[EventCategory "8"]
[SourceTitle "EXT 2005"]
[Source "ChessBase"]
[SourceDate "2004.11.15"]
[SourceVersion "1"]
[SourceVersionDate "2004.11.15"]
[SourceQuality "1"]

1. d4 d5 2. c4 c6 3. Nf3 e6 4. Qc2 Nf6 5. cxd5 exd5 6. Bg5 Be7 7. Nc3 g6 8. e4 dxe4 9. Bxf6 Bxf6 10. Qxe4+ Kf8 11. Bc4 Kg7 12. 0-0 Re8 13. Qf4 Be6 14. Bxe6 Rxe6 15. Rfe1 Qd6 16. Qxd6 Rxd6 17. Ne4 Rd8 18. Nxf6 Kxf6 19. Re4 Na6 20. Rae1 Rd7 21. Ne5 Rc7 22. a3 Rd8 23. b4 Kg7 24. g4 Re7 25. Nc4 Rxe4 26. Rxe4 Nc7 27. Re7 Rxd4 28. Ne5 Kf6 29. Rxc7 Kxe5 30. Rxb7 Rxg4+ 31. Kf1 a5 32. b5 cxb5 33. Rxb5+ Kf4 34. Rxa5 Kf3 35. Ra7 Rf4 36. Rb7 Ra4 37. Rxf7+ Kg4 38. Rxh7 Rxa3 1/2-1/2

[Event "Tula Botvinnik Memorial"]
[Site "Tula"]
[Date "2003.??.??"]
[Round "8"]
[White "Doroshkievich, Vladimir K"]
[Black "Vasiukov, Evgeni"]
[Result "1-0"]
[WhiteElo "2410"]
[BlackElo "2542"]
[PlyCount "103"]
[EventDate "2003.??.??"]
[EventType "tourn"]
[EventRounds "11"]
[EventCountry "RUS"]
[EventCategory "8"]
[SourceTitle "EXT 2005"]
[Source "ChessBase"]
[SourceDate "2004.11.15"]
[SourceVersion "1"]
[SourceVersionDate "2004.11.15"]
[SourceQuality "1"]

1. d4 f5 2. g3 g6 3. Bg2 Nf6 4. Nh3 Bg7 5. Nf4 d6 6. Nc3 c6 7. d5 e5 8. dxe6 d5 9. h4 Na6 10. Be3 Nc7 11. Bd4 Bxe6 12. Qd3 Qe7 13. h5 Kf7 14. 0-0-0 Rhd8 15. hxg6+ hxg6 16. Bf3 c5 17. Nxe6 Nxe6 18. Bxf6 Qxf6 19. Bxd5 Kf8 20. Qc4 b5 21. Qxb5 Rab8 22. Qa5 Rdc8 23. Qa6 Nc7 24. Qxf6+ Bxf6 25. Rh7 Bg7 26. Bc4 Rd8 27. Rxd8+ Rxd8 28. e3 Ne8 29. Nd5 Rd6 30. Nf4 Nc7 31. Rh1 Ke7 32. c3 Kf6 33. Kc2 Bf8 34. Rh8 Rd8 35. Rg8 g5 36. Nh5+ Ke5 37. Rxg5 Be7 38. Rg7 Bd6 39. Nf4 Ke4 40. Be2 a5 41. a4 Rh8 42. Rd7 Rh6 43. Kd2 Rf6 44. Nd3 Na8 45. Rb7 Rf8 46. c4 f4 47. gxf4 Kf5 48. Rb5 Nc7 49. Rxa5 Rb8 50. b4 Kf6 51. b5 Ke7 52. Ra7 1-0

[Event "Sarkisov Memorial op"]
[Site "Krasnodar"]
[Date "2003.??.??"]
[Round "?"]
[White "Petukhov, Dmitry"]
[Black "Doroshkievich, Vladimir K"]
[Result "1/2-1/2"]
[WhiteElo "2234"]
[BlackElo "2410"]
[PlyCount "87"]
[EventDate "2003.??.??"]
[EventType "swiss"]
[EventRounds "9"]
[EventCountry "RUS"]
[SourceTitle "EXT 2005"]
[Source "ChessBase"]
[SourceDate "2004.11.15"]
[SourceVersion "1"]
[SourceVersionDate "2004.11.15"]
[SourceQuality "1"]

1. e4 e6 2. d4 d5 3. e5 c5 4. c3 Qb6 5. Nf3 Nc6 6. a3 Nh6 7. b4 cxd4 8. cxd4 Nf5 9. Be3 g6 10. Bd3 Nxe3 11. fxe3 Bd7 12. Nc3 Nxb4 13. axb4 Bxb4 14. Rc1 Rc8 15. 0-0 Rxc3 16. Rxc3 Bxc3 17. Ng5 0-0 18. Nxh7 Kxh7 19. Bxg6+ fxg6 20. Rxf8 Qb5 21. h3 Bb4 22. Rf7+ Kg8 23. Rf6 Be8 24. Rxe6 Bf7 25. Rf6 Be7 26. Rf1 Qd7 27. Qf3 Qf5 28. Qe2 Qe6 29. Rc1 Be8 30. Qf2 a5 31. h4 Qg4 32. Qa2 Qe4 33. Rc8 Kf7 34. Qf2+ Qf5 35. e6+ Kf8 36. Qg3 Qxe6 37. Qf4+ Bf6 38. Rb8 Qc6 39. g4 Kg7 40. g5 Be7 41. h5 gxh5 42. Qe5+ Kf7 43. Qf5+ Kg7 44. Qe5+ 1/2-1/2

[Event "Chigorin Memorial-A 10th"]
[Site "St Petersburg"]
[Date "2002.11.02"]
[Round "8"]
[White "Andreev, Eduard"]
[Black "Doroshkievich, Vladimir K"]
[Result "1-0"]
[WhiteElo "2466"]
[BlackElo "2412"]
[PlyCount "96"]
[EventDate "2002.10.25"]
[EventType "swiss"]
[EventRounds "9"]
[EventCountry "RUS"]
[SourceTitle "EXT 2003"]
[Source "ChessBase"]
[SourceDate "2002.11.25"]
[SourceVersion "1"]
[SourceVersionDate "2002.11.25"]
[SourceQuality "1"]

1. e4 e6 2. d4 d5 3. Nd2 Be7 4. Bd3 c5 5. dxc5 Nf6 6. Qe2 Qc7 7. Ngf3 dxe4 8. Nxe4 Nbd7 9. Nd6+ Bxd6 10. cxd6 Qxd6 11. 0-0 0-0 12. Rd1 Qc7 13. c4 b6 14. b3 Bb7 15. Bb2 Qf4 16. Ne5 Qg5 17. f3 Nxe5 18. Qxe5 Qxe5 19. Bxe5 Bc6 20. Rd2 Nd7 21. Bd6 Rfc8 22. Rad1 Nc5 23. Bc2 Nb7 24. Bf4 f6 25. h4 h6 26. h5 Kf8 27. Re2 e5 28. Bc1 Rd8 29. Ba3+ Kf7 30. Red2 Rxd2 31. Rxd2 Ke6 32. Kf2 f5 33. Re2 Nc5 34. Bb2 Nd7 35. Bxe5 Nxe5 36. f4 Kf6 37. Rxe5 Bd7 38. Ke3 Be6 39. a4 Rc8 40. a5 Rc6 41. Kd4 Rd6+ 42. Kc3 Rd8 43. Bd3 Rd6 44. Be2 Bd7 45. b4 Bc6 46. g3 Be4 47. c5 Rc6 48. b5 Rc7 1-0

[Event "Chigorin Memorial-A 10th"]
[Site "St Petersburg"]
[Date "2002.11.01"]
[Round "7"]
[White "Doroshkievich, Vladimir K"]
[Black "Dobrov, Vladimir"]
[Result "1/2-1/2"]
[WhiteElo "2412"]
[BlackElo "2446"]
[PlyCount "89"]
[EventDate "2002.10.25"]
[EventType "swiss"]
[EventRounds "9"]
[EventCountry "RUS"]
[SourceTitle "EXT 2003"]
[Source "ChessBase"]
[SourceDate "2002.11.25"]
[SourceVersion "1"]
[SourceVersionDate "2002.11.25"]
[SourceQuality "1"]

1. d4 Nf6 2. c4 c5 3. d5 b5 4. cxb5 a6 5. b6 e6 6. Nc3 Nxd5 7. Nxd5 exd5 8. Qxd5 Nc6 9. Nf3 Rb8 10. Bg5 Be7 11. Ne5 0-0 12. Nxc6 dxc6 13. Qxd8 Bxd8 14. Be3 Bxb6 15. Bd2 Bd8 16. Bc3 Bf6 17. Bxf6 gxf6 18. 0-0-0 Be6 19. h4 Rb4 20. a3 Rc4+ 21. Kb1 Bf5+ 22. e4 Bxe4+ 23. Bd3 Re8 24. h5 Kg7 25. Bxe4 Rcxe4 26. Rh3 Rg4 27. Rc1 Re5 28. g3 c4 29. f4 Re4 30. Rc3 Kh6 31. Rh2 Rg8 32. Rd2 Rge8 33. Rd7 Kxh5 34. Rxf7 Kg6 35. Ra7 Rb8 36. Rxa6 Re1+ 37. Rc1 Rxc1+ 38. Kxc1 Rb3 39. Rxc6 Rxg3 40. Rxc4 h5 41. Rc8 h4 42. Rh8 Rg4 43. b4 Kg7 44. Rh5 Kg6 45. Rh8 1/2-1/2

[Event "Chigorin Memorial-A 10th"]
[Site "St Petersburg"]
[Date "2002.10.31"]
[Round "6"]
[White "Obukhov, Alexander"]
[Black "Doroshkievich, Vladimir K"]
[Result "1/2-1/2"]
[WhiteElo "2453"]
[BlackElo "2412"]
[PlyCount "30"]
[EventDate "2002.10.25"]
[EventType "swiss"]
[EventRounds "9"]
[EventCountry "RUS"]
[SourceTitle "EXT 2003"]
[Source "ChessBase"]
[SourceDate "2002.11.25"]
[SourceVersion "1"]
[SourceVersionDate "2002.11.25"]
[SourceQuality "1"]

1. Nf3 d5 2. g3 c6 3. Bg2 Bf5 4. 0-0 e6 5. d3 Nf6 6. b3 h6 7. Bb2 Nbd7 8. c4 Be7 9. Nc3 Bh7 10. cxd5 cxd5 11. Rc1 0-0 12. Rc2 Qa5 13. Qa1 Rfc8 14. Rfc1 Qd8 15. Nd1 Rxc2 1/2-1/2

[Event "Chigorin Memorial-A 10th"]
[Site "St Petersburg"]
[Date "2002.10.27"]
[Round "3"]
[White "Doroshkievich, Vladimir K"]
[Black "Kruppa, Yuri"]
[Result "1/2-1/2"]
[WhiteElo "2412"]
[BlackElo "2522"]
[PlyCount "40"]
[EventDate "2002.10.25"]
[EventType "swiss"]
[EventRounds "9"]
[EventCountry "RUS"]
[SourceTitle "EXT 2003"]
[Source "ChessBase"]
[SourceDate "2002.11.25"]
[SourceVersion "1"]
[SourceVersionDate "2002.11.25"]
[SourceQuality "1"]

1. d4 Nf6 2. c4 g6 3. Nf3 Bg7 4. g3 0-0 5. Bg2 d6 6. 0-0 Nc6 7. b3 e5 8. dxe5 dxe5 9. Bb2 Qe7 10. Nc3 Rd8 11. Qc1 e4 12. Ne1 Nd4 13. Nc2 Nxc2 14. Qxc2 Bf5 15. Qc1 c6 16. Nd1 Qe6 17. Ne3 Bh3 18. Qc2 Bxg2 19. Kxg2 h5 20. h3 Ne8 1/2-1/2

[Event "St Petersburg White Nights op1"]
[Site "St Petersburg"]
[Date "2002.??.??"]
[Round "5"]
[White "Doroshkievich, Vladimir K"]
[Black "Khismatullin, Denis Rimovich"]
[Result "1-0"]
[WhiteElo "2388"]
[BlackElo "2449"]
[PlyCount "41"]
[EventDate "2002.??.??"]
[EventType "swiss"]
[EventRounds "9"]
[EventCountry "RUS"]
[SourceTitle "EXT 2003"]
[Source "ChessBase"]
[SourceDate "2002.11.25"]
[SourceVersion "1"]
[SourceVersionDate "2002.11.25"]
[SourceQuality "1"]

1. d4 Nf6 2. c4 g6 3. Nf3 Bg7 4. g3 0-0 5. Bg2 d6 6. 0-0 Nbd7 7. Qc2 e5 8. Rd1 Re8 9. e4 a6 10. dxe5 dxe5 11. Nc3 c6 12. c5 Qe7 13. Na4 Nf8 14. h3 N6d7 15. Be3 f5 16. exf5 e4 17. Qb3+ Kh8 18. Ng5 Ne5 19. Nb6 Rb8 20. Nxc8 Rbxc8 21. Nxe4 1-0

[Event "St Petersburg White Nights op1"]
[Site "St Petersburg"]
[Date "2002.??.??"]
[Round "2"]
[White "Doroshkievich, Vladimir K"]
[Black "Turov, Maxim"]
[Result "1/2-1/2"]
[WhiteElo "2388"]
[BlackElo "2563"]
[PlyCount "35"]
[EventDate "2002.??.??"]
[EventType "swiss"]
[EventRounds "9"]
[EventCountry "RUS"]
[SourceTitle "EXT 2003"]
[Source "ChessBase"]
[SourceDate "2002.11.25"]
[SourceVersion "1"]
[SourceVersionDate "2002.11.25"]
[SourceQuality "1"]

1. d4 Nf6 2. c4 e6 3. Nc3 Bb4 4. Qc2 0-0 5. Nf3 c5 6. dxc5 Bxc5 7. Bg5 Nc6 8. a3 b6 9. e4 h6 10. Bh4 Be7 11. e5 Ne8 12. Bxe7 Qxe7 13. Be2 Bb7 14. 0-0 d6 15. exd6 Nxd6 16. Rfd1 Rfd8 17. Nb5 Nf5 18. Bd3 1/2-1/2

[Event "St Petersburg White Nights op1"]
[Site "St Petersburg"]
[Date "2002.??.??"]
[Round "4"]
[White "Zhukov, Vladimir"]
[Black "Doroshkievich, Vladimir K"]
[Result "1/2-1/2"]
[WhiteElo "2302"]
[BlackElo "2388"]
[PlyCount "45"]
[EventDate "2002.??.??"]
[EventType "swiss"]
[EventRounds "9"]
[EventCountry "RUS"]
[SourceTitle "EXT 2003"]
[Source "ChessBase"]
[SourceDate "2002.11.25"]
[SourceVersion "1"]
[SourceVersionDate "2002.11.25"]
[SourceQuality "1"]

1. e4 e6 2. d4 d5 3. Nd2 Nc6 4. Ngf3 Nf6 5. e5 Nd7 6. Nb3 a5 7. a4 f6 8. exf6 Nxf6 9. Bf4 Bd6 10. Be5 0-0 11. Bd3 Ng4 12. 0-0 Bd7 13. Bxd6 cxd6 14. c4 Nb4 15. c5 e5 16. Be2 e4 17. Ne1 Qh4 18. Bxg4 Bxg4 19. Qd2 dxc5 20. dxc5 Ra6 21. Qe3 Rh6 22. h3 Nc6 23. f4 1/2-1/2

[Event "RUS-Cup07"]
[Site "Togliatti"]
[Date "2001.08.14"]
[Round "7"]
[White "Skatchkov, Pavel"]
[Black "Doroshkievich, Vladimir K"]
[Result "1/2-1/2"]
[WhiteElo "2458"]
[BlackElo "2401"]
[PlyCount "20"]
[EventDate "2001.08.08"]
[EventType "swiss"]
[EventRounds "9"]
[EventCountry "RUS"]
[SourceTitle "CBM 083 Extra"]
[Source "ChessBase"]
[SourceDate "2001.09.11"]
[SourceVersion "1"]
[SourceVersionDate "2001.09.11"]
[SourceQuality "1"]

1. d4 d5 2. c4 e6 3. Nf3 Nf6 4. Nc3 Be7 5. cxd5 exd5 6. Bf4 c6 7. e3 Bf5 8. Bd3 Bxd3 9. Qxd3 0-0 10. 0-0 Nbd7 1/2-1/2

[Event "RUS-Cup07"]
[Site "Togliatti"]
[Date "2001.08.11"]
[Round "4"]
[White "Doroshkievich, Vladimir K"]
[Black "Loginov, Valery A"]
[Result "1-0"]
[WhiteElo "2401"]
[BlackElo "2507"]
[PlyCount "71"]
[EventDate "2001.08.08"]
[EventType "swiss"]
[EventRounds "9"]
[EventCountry "RUS"]
[SourceTitle "CBM 083 Extra"]
[Source "ChessBase"]
[SourceDate "2001.09.11"]
[SourceVersion "1"]
[SourceVersionDate "2001.09.11"]
[SourceQuality "1"]

1. d4 Nf6 2. c4 e6 3. Nc3 Bb4 4. Qc2 d5 5. cxd5 exd5 6. Bg5 h6 7. Bxf6 Qxf6 8. a3 Bxc3+ 9. Qxc3 0-0 10. e3 Bf5 11. Ne2 Nd7 12. Nf4 c6 13. Be2 Qe7 14. 0-0 Nf6 15. b4 Ne4 16. Qb2 Nd6 17. b5 g5 18. Nh5 cxb5 19. Bxb5 Bg6 20. Be2 Rad8 21. Ng3 f5 22. Bd3 Rf6 23. Rfe1 Re6 24. Nf1 Kh8 25. Qb4 Bf7 26. Qc5 f4 27. Qxa7 f3 28. gxf3 Bh5 29. Nd2 Qf7 30. Qa5 Rde8 31. Be2 Rf6 32. Rac1 Rxf3 33. Nxf3 Ne4 34. Qb6 Re6 35. Rc8+ Kg7 36. Qd8 1-0